000 00432nam a2200205Ia 4500
001 004216
003 YMCAF
005 20230512160252.0
008 100717s1971 ||||||||||||||||| ||und|d
024 _a4216
035 _a4215
040 _aYMCAF
_beng
_cIN-KoLT
041 _aeng
082 _aPUR-LEE
100 _aLEE LAMAR
245 0 _aPURCHASING AND MATERIALS MAUA.
260 _c1971
300 _a850
942 _2ddc
_cBK
999 _c3370
_d3370